Sports Quiz

Random Sports or State Quiz

Name the NCAA State Schools' Nicknames Quiz Stats

 Plays Quiz not verified by Sporcle

Challenge
Share
Tweet
Embed
Score 0/84 Timer 10:00
0 Plays Today
School Nickname % Correct
AlabamaCrimson Tide
99.1%
ArkansasRazorbacks
98.2%
CaliforniaGolden Bears
96.5%
Arizona StateSun Devils
96.5%
ArizonaWildcats
94.7%
ConnecticutHuskies
94.7%
FloridaGators
92%
Florida StateSeminoles
90.3%
GeorgiaBulldogs
89.4%
IndianaHoosiers
87.6%
ColoradoBuffaloes
86.7%
IowaHawkeyes
86.7%
KansasJayhawks
86.7%
Michigan StateSpartans
85.8%
KentuckyWildcats
85%
MichiganWolverines
85%
NebraskaCornhuskers
85%
North CarolinaTar Heels
85%
IllinoisFighting Illini
84.1%
MinnesotaGolden Gophers
84.1%
OklahomaSooners
83.2%
Colorado StateRams
83.2%
Kansas StateWildcats
83.2%
Ohio StateBuckeyes
83.2%
MissouriTigers
82.3%
OregonDucks
82.3%
TennesseeVolunteers
82.3%
TexasLonghorns
82.3%
School Nickname % Correct
WisconsinBadgers
82.3%
Louisiana StateTigers
81.4%
MarylandTerrapins
80.5%
WashingtonHuskies
80.5%
Iowa StateCyclones
80.5%
HawaiiWarriors
79.6%
South CarolinaGamecocks
79.6%
West VirginiaMountaineers
77.9%
Oregon StateBeavers
77.9%
Pennsylvania StateNittany Lions
77.9%
New MexicoLobos
77%
UtahUtes
77%
North Carolina StateWolfpack
77%
Oklahoma StateCowboys
77%
MississippiRebels
76.1%
New Jersey (Rutgers)Scarlet Knights
74.3%
Mississippi StateBulldogs
74.3%
VirginiaCavaliers
73.5%
WyomingCowboys
71.7%
NevadaWolf Pack
70.8%
Washington StateCougars
70.8%
MassachusettsMinutemen
68.1%
IdahoVandals
67.3%
PennsylvaniaQuakers
67.3%
New Mexico StateAggies
66.4%
OhioBobcats
65.5%
Utah StateAggies
64.6%
MontanaGrizzlies
59.3%
School Nickname % Correct
Indiana StateSycamores
59.3%
Rhode IslandRams
57.5%
MaineBlack Bears
52.2%
VermontCatamounts
51.3%
Arkansas StateRed Wolves
46.9%
Illinois StateRedbirds
44.2%
DelawareFightin' Blue Hens
43.4%
California State (Long Beach)49ers
40.7%
Alabama StateHornets
38.1%
Delaware StateHornets
38.1%
Missouri StateBears
38.1%
Idaho StateBengals
37.2%
South Dakota StateJackrabbits
37.2%
Georgia StatePanthers
34.5%
New HampshireWildcats
33.6%
New York (SUNY Albany)Great Danes
32.7%
Texas StateBobcats
32.7%
Montana StateBobcats
30.1%
North Dakota StateBison
28.3%
South Carolina StateBulldogs
23.9%
Tennessee StateTigers
23.9%
North DakotaFighting Sioux*
21.2%
Alaska (Fairbanks)Nanooks
18.6%
South DakotaCoyotes
17.7%
Virginia StateTrojans
6.2%
West Virginia StateYellow Jackets
6.2%
Kentucky StateThorobreds
4.4%
Nevada StateScorpions
4.4%

You're not logged in!

Compare scores with friends on all Sporcle quizzes.
Join for Free
OR
Log In

You Might Also Like...

Show Comments

Extras

Top Quizzes Today


Score Distribution

Your Account Isn't Verified!

In order to create a playlist on Sporcle, you need to verify the email address you used during registration. Go to your Sporcle Settings to finish the process.

Report this User

Report this user for behavior that violates our Community Guidelines.

Details: